000 00684nam a22002177a 4500
010 _aA-169519
020 _c32.50
035 _aA-169519
037 _bCen Lib / Ret
040 _aDPL
_bEn
082 _a330.954
_bRAY
245 _aThe Cambridge economic history of India /
_cedited by Tapan Raychaudhuri [and] Irfan Habib
260 _aNew York
_bCambridge University Press
_c1984
270 _aKamani Marg, Ballard Estate
_bBombay
_e400038
300 _a(v 1. ix, 543p)
_b27cm(Hb)
505 _av 1. c. 1200 -c.1750
650 _aIndia -- Economic conditions.
650 _aEconomic history.
700 _aIrfan Habib
942 _2ddc
_cEN
_h330.954
_mRAY
999 _c136947
_d136947